ARRUPE JESUIT UNIVERSITY

CORONAVIRUS -STOP THE SPREAD - CLEAN,DISINFECT,COVER

Light on C.S. Lewis (Record no. 39835)

MARC details
000 -LEADER
fixed length control field 00465nam a2200193Ia 4500
003 - CONTROL NUMBER IDENTIFIER
control field 0100
005 - DATE AND TIME OF LATEST TRANSACTION
control field 20180504123212.0
008 - FIXED-LENGTH DATA ELEMENTS--GENERAL INFORMATION
fixed length control field 130303s9999 xx 000 0 und d
040 ## - CATALOGING SOURCE
Transcribing agency ARRUPELIB
050 ## - LIBRARY OF CONGRESS CALL NUMBER
Classification number PR6045.L48Z681965
100 ## - MAIN ENTRY--PERSONAL NAME
Personal name Barfield, Owen
9 (RLIN) 41671
245 ## - TITLE STATEMENT
Title Light on C.S. Lewis
Statement of responsibility, etc Owen Barfield et al...
260 ## - PUBLICATION, DISTRIBUTION, ETC. (IMPRINT)
Name of publisher, distributor, etc Geoffrey Bles
Place of publication, distribution, etc London
Date of publication, distribution, etc 1965
300 ## - PHYSICAL DESCRIPTION
Extent 160p
600 ## - SUBJECT ADDED ENTRY--PERSONAL NAME
Personal name Lewis, Clive Staples
9 (RLIN) 40132
942 ## - ADDED ENTRY ELEMENTS (KOHA)
Source of classification or shelving scheme Library of Congress Classification
Koha item type Monograph ( Printed materials)
Holdings
Withdrawn status Lost status Source of classification or shelving scheme Damaged status Not for loan Collection code Home library Current library Shelving location Date acquired Total Checkouts Full call number Barcode Date last seen Copy number Price effective from Koha item type
    Library of Congress Classification     Main Collection ARRUPE LIBRARY ARRUPE LIBRARY Main Collection 04/03/2013   PR6023.E926 Z65 1965 46003064473 04/03/2013 1 04/03/2013 Monograph ( Printed materials)

 

Arrupe Library. PO Box MP320 Mt Pleasant, Harare, Zimbabwe
263 242 745411|librarian@aju.ac.zw